00543nam a2200205Ia 450000500170000000800410001702000180005804100120007608200150008810000180010324500530012126000390017430000160021365000150022965000200024465000180026465000230028265000220030565000100032720260429112307.0260429s9999||||xx |||||||||||||| ||und|| a9781552096246 aEnglish a635.7bLIM aLima, Patrick 0aComplete gardener's guide herbs / cPatrick Lima aNew York : bFirefly Books,c2001. a222 p.; pbk a Gardening a Herb gardening a Horticulture a Kitchen gardening a Medicinal plants aHerbs